The data webhouse toolkit : Building the Web-enabled data warehouse
Αποθηκεύτηκε σε:
| Κύριος συγγραφέας: | |
|---|---|
| Άλλοι συγγραφείς: | |
| Μορφή: | Βιβλίο |
| Γλώσσα: | English |
| Δημοσίευση: |
New York :
John Wiley,
c2000
|
| Θέματα: | |
| Ετικέτες: |
Προσθήκη ετικέτας
Δεν υπάρχουν, Καταχωρήστε ετικέτα πρώτοι!
|
MARC
| LEADER | 00000nam a2200000 i 4500 | ||
|---|---|---|---|
| 001 | 1/38135 | ||
| 008 | 030716s2000 eng d | ||
| 020 | |a 0-471-37680-9 | ||
| 035 | |l 10070383 | ||
| 040 | |a GR-MY-UA |b gre |e aacr | ||
| 041 | 0 | |a eng | |
| 082 | 0 | |a 658.40380285574 | |
| 100 | 1 | |a Kimball, Ralph. | |
| 245 | 1 | 4 | |a The data webhouse toolkit : |b Building the Web-enabled data warehouse / |c Ralph Kimball, Richard Merz |
| 260 | |a New York : |b John Wiley, |c c2000 | ||
| 300 | |a xiv, 401 p.; |b ill.; |c 24 cm. | ||
| 504 | |a Includes bibliographical references (p. 387-389) and index | ||
| 650 | 0 | 0 | |a Data warehousing. |
| 650 | 0 | 0 | |a World Wide Web. |
| 700 | 1 | |a Merz, Richard |d 1937- | |
| 852 | |a INST |b SAMOS |e 20030716 |h 658.40380285574 KIM |p 005300024040 |q 005300024040 |t BK |y 0 | ||
| 901 | |a BIBL3-2003-2 | ||
| 909 | |a Σ |b 105405 | ||
| 922 | |a 3ΕΛΗ |b 200202 |c ΤΠΕΣ |d ΠΑΠΑΣΩΤΗΡΙΟΥ Α.Ε. | ||
| 950 | |a 133-2002-02-18 | ||
| 970 | |a ΚΟΣΙΕΡΗΣ |b ΧΡΗΣΤΟΣ |z 2003/07/16 | ||